000 00320nam a2200133Ia 4500
008 260604s9999 xx 000 0 und d
020 _a9781032736341
082 _a174.4 STE
100 _aAbraham stefanidis
_935687
245 0 _aGlobal Business Ethics
260 _bRoutledge
500 _aBusiness Ethics
942 _cBK
999 _c8511
_d8511